Представление документа в формате RUSMARC

Поле Инд. ПП Название Значение
Тип записи a
Библиографический уровень a
001 Контрольный номер 2d26a3c6b69e4303a02d35a4f765e605
005 Дата корректировки 20200512133700.1
100 a Данные общей обработки 20190214 ||| 0rusy0189 ca
101 0_ a Язык текста rus
102 a Страна публикации RU
200 1_ f Первые сведения об ответственности Е. Баглаева
a Заглавие Правовые позиции Верховного Суда РФ: обязательные и рекомендательные
b Общее обозначение материала Текст
210 1_ d Дата издания 2019
461 _0 1 2000
a Хозяйство и право
463 _0 1 2000
a № 1
v С. 98-108
1 2101
d 2019
1 001cfb94728502d4ac0aa74c24815e2406b
606 a Основная рубрика Судебная практика
610 0_ a Ключевые слова ВЕРХОВНЫЙ СУД РФ
a Ключевые слова СУДЕБНЫЕ ПРАВОВЫЕ ПОЗИЦИИ
a Ключевые слова ИСТОЧНИКИ ПРАВА
700 _1 a Фамилия Баглаева
b Имя Е.
801 _0 a Страна RU
b Организация РГУП
c Дата составления 20190214
g Правила каталогизации PSBO
801 _1 a Страна RU
b Организация РГУП
c Дата составления 20190214
g Правила каталогизации PSBO
901 t Тип документа b
w Контрольный № источника cfb94728502d4ac0aa74c24815e2406b
905 a Дата ввода 20190214